00586nam a22001937a 450000500170000001000130001702000250003003500130005503700160006804000120008408200160009610000200011224500630013226000460019527000670024130000320030865000120034065000400035220170124110234.0 aB-228149 c2500.00a97801956774 aB-228149 bCen Lib/Ret aDPLbEN a954.07bKHU aKhushwant Singh aThe illustrated history of the Sikhs /cby Khushwant Singh aNew Delhi bOxford University Pressc2006 aYMCA Library Building, Jai Singh Road bNew Delhi e110001 a208. :c28cm(Hb)bcol. ill. aSikhism aSikhs -- India -- Punjab -- History